000 00718nam a2200241 a 4500
001 BRL_1372
005 20190320211154.0
008 090114s1989----mx-ao#####---#000-0#spa-#
041 _aspa
044 _amx
050 4 _aNK8914
_b.A76 1989
100 1 _aArmella de Aspe, Virginia
_92324
245 1 0 _aRebozos y sarapes de México
_cVirginia Armella de Aspe, Teresa Castelló Yturbide.
260 _aMéxico
_bGutsa
_c1989
300 _a198 p.
_bil. a color
_c29 cm.
500 _aAu1614
504 _aBibliografía : 97-101 y 192-198
650 1 4 _aSarapes
_zMéxico
_94390
650 1 4 _aFabricación de textiles
_zMéxico
_94391
700 1 _aCastelló Yturbide, Teresa
_92444
902 _aGRL
942 _2lcc
_cB
999 _c10183
_d10183